Observer's guide to stellar evolution (Record no. 15015)

MARC details
000 -LEADER
fixed length control field 00617nam a2200205Ia 4500
003 - CONTROL NUMBER IDENTIFIER
control field IN-BaIIA
008 - FIXED-LENGTH DATA ELEMENTS--GENERAL INFORMATION
fixed length control field 211028s9999 xx 000 0 eng d
020 ## - INTERNATIONAL STANDARD BOOK NUMBER
International Standard Book Number 1-85233-465-7
040 ## - CATALOGING SOURCE
Transcribing agency IIA Library
080 ## - UNIVERSAL DECIMAL CLASSIFICATION NUMBER
Universal Decimal Classification number 524.3-54
Item number ING
100 ## - MAIN ENTRY--PERSONAL NAME
Personal name Inglis, Mike
9 (RLIN) 27239
245 #0 - TITLE STATEMENT
Title Observer's guide to stellar evolution
Remainder of title the birth, life and death of stars
Statement of responsibility, etc. Mike Inglis
260 ## - PUBLICATION, DISTRIBUTION, ETC.
Place of publication, distribution, etc. London
Name of publisher, distributor, etc. Springer-Verlag
Date of publication, distribution, etc. 2003
300 ## - PHYSICAL DESCRIPTION
Extent xvii, 233p.
490 ## - SERIES STATEMENT
Series statement Patrick Moore's practical astronomy series
650 ## - SUBJECT ADDED ENTRY--TOPICAL TERM
Topical term or geographic name entry element Star birth
9 (RLIN) 26358
650 ## - SUBJECT ADDED ENTRY--TOPICAL TERM
Topical term or geographic name entry element Star death
9 (RLIN) 26359
650 ## - SUBJECT ADDED ENTRY--TOPICAL TERM
Topical term or geographic name entry element Stars - evolution
9 (RLIN) 10853
942 ## - ADDED ENTRY ELEMENTS (KOHA)
Koha item type Books
Holdings
Withdrawn status Lost status Damaged status Not for loan Home library Current library Shelving location Date acquired Source of acquisition Cost, normal purchase price Total Checkouts Full call number Barcode Date last seen Cost, replacement price Price effective from Koha item type Purchase Price
        IIA Library-Bangalore IIA Library-Bangalore General Stacks 06/04/2003 ANJ 2067.40   524.3-54/ ING 15937 05/11/2021 2067.40 06/04/2003 Books Rs. 2067.40

Powered by Koha